000 00974nam2a22002291 4500
001 v19\rc\1982152
005 20250619224025.0
035 _a(NLR Aleph) 005065175
090 _a7037557
_c7037557
100 _a20080623f19141916|||y0rusy50 ca
101 0 _arus
102 _aRU
105 _ay z |||||
200 0 _a... за 1914 г.
215 _aIII с.
461 0 _1001v19\rc\1982150
_12001#$aОтчет о деятельности Братства св. Храма во имя св. Троицы в Озерках...$v... за 1914 г.
_97037540
_aОзерковский храм св. Троицы. Братство
_cСанкт-Петербург
_d1914-1916
_p3 т.
_tОтчет о деятельности Братства св. Храма во имя св. Троицы в Озерках...
_v... за 1914 г.
801 0 _aRU
_bNLR
_gpsbo
801 0 _aRU
_bRuMoRGB
_2psbo
801 1 _aRU
_bProSoft-M
_2rusmarc
852 _aNLR
_j17.165.6.37(2)
942 _cBOOK
980 _aNB